| 000 | 00000nam 2200000za 4500 |
| 001 | 9.686399 |
| 003 | CaOODSP |
| 005 | 20220901135823 |
| 007 | cr ||||||||||| |
| 008 | 150407s2002 onc #o f000 0 eng d |
| 040 | |aCaOODSP|beng |
| 043 | |an-cn--- |
| 086 | 1 |aJ2-189/2002E-IN |
| 086 | 1 |aJ2-251/2002E-PDF |
| 245 | 00|aMarriage and legal recognition of same-sex unions |h[electronic resource] : |ba discussion paper. |
| 260 | |a[Ottawa] : |bDepartment of Justice Canada, |c2002. |
| 300 | |a28 p. |
| 500 | |a"November 2002." |
| 590 | |a02-50|a07-04-Supp |
| 690 | 07|aCommon-law unions|2gcpds |
| 690 | 07|aMarriage|2gcpds |
| 690 | 07|aSame-sex couples|2gcpds |
| 710 | 1 |aCanada. |bDepartment of Justice. |
| 775 | 08|tMariage et reconnaissance des unions de conjoints de même sexe |w(CaOODSP)9.630871 |
| 776 | 0#|tMarriage and legal recognition of same-sex unions : |w(CaOODSP)9.665133 |
| 776 | 0#|tMariage et reconnaissance des unions de conjoints de même sexe : |w(CaOODSP)9.665134 |
| 856 | 40|ahttp://publications.gc.ca|qPDF|s270 KB|uhttps://publications.gc.ca/collections/Collection/J2-189-2002E.pdf |
| 856 | 40|qPDF|s270 KB|uhttps://publications.gc.ca/collections/Collection/J2-251-2002E.pdf |